00849nam a2200217 a 450000100060000000300080000600500170001400800410003103500190007204000350009104100080012608200260013410000230016024501770018326000630036030000300042350200710045350400350052465000390055970000330059882325BD-RjUL20231121145341.0231121s2018 bg ||||| m||| 00| 0 eng d a(BD-RjUL)82325 aBD-RjULbengcBD-RjULdBD-RjUL aeng 223a346.048bISD 2018 aIslam, Md. Mominul10aDevelopment of Intellectual Property Rights in Bangladesh with Special Reference to Various International Instruments /cBy Md. Mominul Islam ;6Supervisor : M. Ahsan Kabir aRajshahi :bDepartment of Law, Rajshahi of Rajshahi,c2018 axiv, 274 Leaves ;c29 cm. aThesis (M. Phil.) -- Department of Law, Rajshahi of Rajshahi, 2018 a`Bibliography : Leaves 139-150 aPrivate lawvIntellectual Property aKabir, M. Ahsan, Supervisor